<?xml version="1.0" encoding="UTF-8"?>
<record
    xmlns:xsi="http://www.w3.org/2001/XMLSchema-instance"
    xsi:schemaLocation="http://www.loc.gov/MARC21/slim http://www.loc.gov/standards/marcxml/schema/MARC21slim.xsd"
    xmlns="http://www.loc.gov/MARC21/slim">

  <leader>01684nam a2200241Ia 4500</leader>
  <datafield tag="952" ind1=" " ind2=" ">
    <subfield code="0">0</subfield>
    <subfield code="1">0</subfield>
    <subfield code="4">0</subfield>
    <subfield code="7">0</subfield>
    <subfield code="a">11</subfield>
    <subfield code="b">11</subfield>
    <subfield code="d">2012-01-10</subfield>
    <subfield code="l">0</subfield>
    <subfield code="o">HF5548 S24 1982</subfield>
    <subfield code="p">11 009334</subfield>
    <subfield code="r">2012-06-26</subfield>
    <subfield code="t">1</subfield>
    <subfield code="w">2012-06-26</subfield>
    <subfield code="y">LB</subfield>
  </datafield>
  <datafield tag="952" ind1=" " ind2=" ">
    <subfield code="0">0</subfield>
    <subfield code="1">0</subfield>
    <subfield code="4">0</subfield>
    <subfield code="7">0</subfield>
    <subfield code="a">11</subfield>
    <subfield code="b">11</subfield>
    <subfield code="d">2012-01-10</subfield>
    <subfield code="l">0</subfield>
    <subfield code="o">HF5548 S24 1982</subfield>
    <subfield code="p">11 009335</subfield>
    <subfield code="r">2012-06-26</subfield>
    <subfield code="t">2</subfield>
    <subfield code="w">2012-06-26</subfield>
    <subfield code="y">LB</subfield>
  </datafield>
  <datafield tag="952" ind1=" " ind2=" ">
    <subfield code="0">0</subfield>
    <subfield code="1">0</subfield>
    <subfield code="2">lcc</subfield>
    <subfield code="4">0</subfield>
    <subfield code="7">0</subfield>
    <subfield code="a">11</subfield>
    <subfield code="b">11</subfield>
    <subfield code="d">2015-09-17</subfield>
    <subfield code="l">0</subfield>
    <subfield code="o">HF5548 S24 1982</subfield>
    <subfield code="p">11 012705</subfield>
    <subfield code="r">2015-09-17</subfield>
    <subfield code="t">3</subfield>
    <subfield code="w">2015-09-17</subfield>
    <subfield code="y">LB</subfield>
  </datafield>
  <datafield tag="952" ind1=" " ind2=" ">
    <subfield code="0">0</subfield>
    <subfield code="1">0</subfield>
    <subfield code="2">lcc</subfield>
    <subfield code="4">0</subfield>
    <subfield code="7">0</subfield>
    <subfield code="a">20</subfield>
    <subfield code="b">20</subfield>
    <subfield code="d">2015-09-21</subfield>
    <subfield code="l">2</subfield>
    <subfield code="o">HF5548 S24</subfield>
    <subfield code="p">20 002709</subfield>
    <subfield code="r">2018-04-14</subfield>
    <subfield code="s">2018-04-14</subfield>
    <subfield code="t">1</subfield>
    <subfield code="w">2015-09-21</subfield>
    <subfield code="y">LB</subfield>
  </datafield>
  <datafield tag="999" ind1=" " ind2=" ">
    <subfield code="c">72894</subfield>
    <subfield code="d">72894</subfield>
  </datafield>
  <controlfield tag="005">20231102151106.0</controlfield>
  <controlfield tag="008">120626s1982    mx            000 0 spa d</controlfield>
  <datafield tag="020" ind1=" " ind2=" ">
    <subfield code="a">9688800562</subfield>
  </datafield>
  <datafield tag="050" ind1=" " ind2=" ">
    <subfield code="a">HF5548</subfield>
    <subfield code="b">S24</subfield>
  </datafield>
  <datafield tag="100" ind1=" " ind2=" ">
    <subfield code="a">Schein, Edgar H.</subfield>
    <subfield code="e"> ,autor</subfield>
  </datafield>
  <datafield tag="245" ind1=" " ind2=" ">
    <subfield code="a">Psicolog&#xED;a de la organizaci&#xF3;n</subfield>
    <subfield code="c"> / Edgar H., Schein</subfield>
  </datafield>
  <datafield tag="260" ind1=" " ind2=" ">
    <subfield code="a">M&#xE9;xico</subfield>
    <subfield code="b"> : Prentice Hall Hispanoamericana</subfield>
    <subfield code="c"> , 1982</subfield>
  </datafield>
  <datafield tag="300" ind1=" " ind2=" ">
    <subfield code="a">xiv: 252 p&#xE1;ginas</subfield>
  </datafield>
  <datafield tag="504" ind1=" " ind2=" ">
    <subfield code="a">Incluye:
Tabla de contenido
Pr&#xF3;logo
Prefacio
Bibliograf&#xED;a
&#xED;ndice alfab&#xE9;tico</subfield>
  </datafield>
  <datafield tag="505" ind1=" " ind2=" ">
    <subfield code="a">El individuo y la organizaci&#xF3;n
El campo de la psicolog&#xED;a de la organizaci&#xF3;n
Los problemas humanos en las organizaciones
Motivaci&#xF3;nn y suppuestos sobre la naturaleza humana
La naturaleza humana: &#xA1;Porque es tan evasiva?
Supuestos gerenciales sobre la naturaleza humana
La motivaci&#xF3;n desde el punto de vista situacional y de desarrollo
La complejidad de la naturaleza humana
Liderazgo y participaci&#xF3;n
&#xBF;Por que es tan dificil hacer un an&#xE1;lisis del liderazgo?
Teor&#xED;as sobre liderazgo y participaci&#xF3;n
Los grupos en las organizaciones
Estructura y funci&#xF3;n de los grupos
Problemas intergrupales en las organizaciones
Estructura y din&#xE1;mica de la organizaci&#xF3;n
La organizaci&#xF3;n como un sistema abierto y complejo
La organizaci&#xF3;n como un sistema din&#xE1;mico y en desarrollo
Como aumentar la efectividad organizacional</subfield>
  </datafield>
  <datafield tag="519" ind1=" " ind2=" ">
    <subfield code="a">Material Complementario / </subfield>
    <subfield code="b">Psicolog&#xED;a / </subfield>
    <subfield code="d">(20 002709)</subfield>
  </datafield>
  <datafield tag="650" ind1=" " ind2=" ">
    <subfield code="a">PSICOLOG&#xCD;A INDUSTRIAL</subfield>
  </datafield>
  <datafield tag="650" ind1=" " ind2=" ">
    <subfield code="a">SOCIOLOG&#xCD;A INDUSTRIAL</subfield>
  </datafield>
  <datafield tag="650" ind1=" " ind2=" ">
    <subfield code="a">EFECTIVIDAD ORGANIZACIONAL</subfield>
  </datafield>
  <datafield tag="650" ind1=" " ind2=" ">
    <subfield code="a">LIDERAZGO EN LAS ORGANIZACIONES</subfield>
  </datafield>
  <datafield tag="942" ind1=" " ind2=" ">
    <subfield code="c">LB</subfield>
  </datafield>
</record>
